MARC

LEADER 00000nam0a2200000 4500
001 232259
005 20231101231145.0
035 |a (RuTPU)RU\TPU\book\253294 
035 |a RU\TPU\book\253291 
090 |a 232259 
100 |a 20130211d1956 k y0czey50 ba 
101 0 |a cze  |a rus  |a eng 
102 |a RU 
105 |a ab z 001zy 
200 1 |a Paleogeografie tremadockeho more v Barrandienu  |e [оттиск статьи]  |f V. Havlicek, M. Snajdr 
210 |a Praha  |c Nakladatelstvi Ceskoslovenske akademie ved  |d 1956 
215 |a 19 s.  |c il. 
225 1 |a Sbornik Ustrednino Ustavu Geologickeho  |v Svazek 22, 1955- oddil geologicky 
300 |a Резюме на русск. и англ. яз. 
317 |5 63413507: КР-1125  |a Поступила в НТБ в 2004 г. в составе книжного собрания профессора ТПИ К. В. Радугина 
320 |a Literatur: s. 248-249 
510 1 |a Палеография тремадокского моря в Баррандиене  |z rus 
606 1 |a Палеогеография  |2 stltpush  |3 (RuTPU)RU\TPU\subj\47964  |9 66847 
610 1 |a палеонтология 
610 1 |a палеонтолого-стратиграфические исследования 
610 1 |a нижний ордовик 
610 1 |a отложения 
610 1 |a тремолит 
610 1 |a библиотека К. В. Радугина 
675 |a 551.1  |v 3 
700 1 |a Havlicek  |b V.  |g Vladimir 
701 1 |a Snajdr  |b M.  |g Milan 
801 1 |a RU  |b 63413507  |c 20130211 
801 2 |a RU  |b 63413507  |c 20190212  |g RCR 
942 |c BK